000 00856nam a22002057a 4500
008 240702b mp ||||| |||| 00| 0 mon d
035 _a16427
040 _aSU1322070
_bmon
_cMN-UlNLM
_dMN-UlNLM
_erda
041 _amon
042 _a42748
084 _2NNA
_a65.290
_bУ-233
245 0 _aУдирдагч таны удирдахуйн ухаан
264 _aУлаанбаатар хот
_bМөнгөн пресс хэвлэлийн ко
_c2014
300 _a307х.
336 _2rdacontent
_atext
_btxt
337 _2rdamedia
_aunmediated
_bn
338 _2rdacarrier
_avolume
_bnc
650 _aГарчиг: Манлайлал Төрийн удирдлага Төрийн удирдлага, захиргааны тухай ойлголт Монгол улсын төрийн байгууллагын тогтолцоо Х...
942 _2NNA
_cBK
999 _c1073698
_d1073755